| 000 | 01788nam0a2200361 i 4500 | ||
|---|---|---|---|
| 001 | RU\NLR\BIBL_A\010219099 | ||
| 005 | 20240921133337.0 | ||
| 010 |
_a9785905691713 _9100 |
||
| 021 |
_aRU _b2014-433 _922 |
||
| 035 | _a(NILC)RuMoRGB-006729001 | ||
| 035 | _a(NLR Aleph) 010219099 | ||
| 090 |
_a10314106 _c10314106 |
||
| 100 | _a20140317d2013 k y0rusy50 ca | ||
| 101 | 0 | _arus | |
| 102 | _aRU | ||
| 105 | _aa|||7|||001yy | ||
| 200 | 1 |
_aТерриториальные органы социальной защиты в РСО-Алания _fА.Б. Токаева, Б.Б. Токаева _gФедер. гос. бюджет. образоват. учреждение высш. проф. образования "Сев.-Осет. гос. ун-т им. К.Л. Хетагурова" |
|
| 210 |
_aВладикавказ _cИздательско-полиграфический отдел СОИГСИ _d2013 |
||
| 215 |
_a257, [1] с. _cил. _d20 |
||
| 320 | _aБиблиогр.: с. 231-236 | ||
| 606 | 1 |
_aСоциальная защита _yСеверная Осетия-Алания, Республика _92243410 _3RU\NLR\AUTH\6601577242 |
|
| 606 | 1 |
_aОрганы социального обеспечения _yРоссийская Федерация _92238368 _3RU\NLR\AUTH\661343237 |
|
| 686 | 1 | _aХ621.159.04 | |
| 686 | 1 | _aУ27(2)2(2Р37-6С) | |
| 686 | 1 | _aУ27(2)2 | |
| 700 | 1 |
_7ca _8rus _aТокаева _bА. Б. _gАльбина Батразовна _9219012 _3RU\NLR\AUTH\770219068 |
|
| 701 | 1 |
_7ca _8rus _aТокаева _bБ. Б. _gБелла Батразовна _9219381 _3RU\NLR\AUTH\770219437 |
|
| 801 | 0 |
_aRU _bРГБ _c20140129 _gRCR |
|
| 801 | 1 |
_aRU _bРГБ _c20140129 _2rusmarc |
|
| 942 | _cBOOK | ||
| 980 | _aNBR | ||